| 000 | 00859pam a2200181 a 4500 | ||
|---|---|---|---|
| 020 | _a9024737710 | ||
| 082 | 0 | 0 |
_a624.1 _bSTR _cL-20, P-200 |
| 245 | 1 | 0 |
_aStructural optimization : _bproceedings of the IUTAM Symposium on Structural Optimization, Melbourne, Australia, 9-13 February 1988 / _cedited by G.I.N. Rozvany and B.L. Karihaloo. |
| 260 |
_aDordrecht ; _aBoston : _bKluwer Academic Publishers ; _aNorwell, MA, U.S.A. : _bSold and distributed in the U.S.A. and Canada by Kluwer Academic Group, _cc1988. |
||
| 300 |
_axviii, 403 p. : _bill. ; _c25 cm. |
||
| 526 |
_a0 _b0 _c0 _d624_100000000000000_STR |
||
| 650 | 0 |
_aMCE _9379 |
|
| 650 | 0 |
_aStructural optimization _xCongresses. _942325 |
|
| 700 | 1 |
_aKarihaloo, B. L. _942326 |
|
| 700 | 1 |
_aRozvany, G. I. N. _942327 |
|
| 710 | 2 |
_aInternational Union of Theoretical and Applied Mechanics. _940714 |
|
| 942 |
_2ddc _cBK |
||
| 999 |
_c546236 _d546236 |
||